| 000 | 00420 a2200145 4500 | ||
|---|---|---|---|
| 005 | 20250616154449.0 | ||
| 020 | _a0-8016-4752-5 | ||
| 082 | _a001.642 STA | ||
| 100 | _aSTALLINGS, E. D. | ||
| 245 | _aComputers: The User Perspective | ||
| 260 |
_aToronto, _bTimes Mirror/Mosby College, _c1988. |
||
| 300 |
_axxxiv,747p.: ill.; figures, _bGlossary & Index _c26cm. |
||
| 700 | _aHUTCHINSON,S,E & SAWYER,S,C | ||
| 942 |
_2ddc _cBKS |
||
| 999 |
_c114 _d114 |
||